Normale Ansicht MARC-Ansicht ISBD

Zentralblatt für Bibliothekswesen (Titelsatznr. 70826)

[ MARC ]
MARC-Details
000 -Satzkennung
Kontrollfeld mit fester Länge 00923nam a2200205 4500
001 - Kontrollnummer
Kontrollfeld 9946
003 - Kontrollnummer Identifier
Kontrollfeld OSt
005 - Datum und Zeit der letzten Transaktion
Kontrollfeld 20220920075639.0
007 - Feld mit fester Länge zur physischen Beschreibung - Allgemeine Information
Kontrollfeld mit fester Länge tu
008 - Feld mit fester Länge zur physischen Beschreibung - Allgemeine Angaben
Kontrollfeld mit fester Länge |||||||||||| ger
040 ## - Katalogisierungsquelle
Original-Katalogisierungsstelle DE-2950
Übertragungsstelle DE-2950
245 00 - Titel
Titel Zentralblatt für Bibliothekswesen
Verfasserangabe etc. unter ständiger Mitw. zahlr. Fachgen. d. In- u. Auslandes von Otto Hartwig u. K. Schulz (3-11: Otto Hartwig, 21-38: Paul Schwenke, 39 ff.: Aloys Bömer, Georg Leyh, Walther Schultze, 51 ff.: Georg Leyh, Walter Schultze, 53 ff.: Rudolf Buttmann, Georg Leyh)
264 ## - Produktion, Veröffentlichung, Distribution, Herstellung und Urheberrechtsvermerk
Herstellungs-, Veröffentlichungs- Vertriebs-, Erzeugungsort Leipzig
Produzent, Herausgeber, Distributor, Hersteller Harrassowitz
365 ## - Handelspreis
Währungscode DEM
500 ## - Allgemeine Fußnote
Allgemeine Fußnote Generalreg. z. Jg. 21 - 40, (1904 -23). Begonnen v. Georg Leyh. Fortgef. von Paul Gehring. Leipzig 1925.
500 ## - Allgemeine Fußnote
Allgemeine Fußnote Vermutlich Abgabe an Stadtbibliothek, nicht im Magazin
546 ## - Fußnote zur Sprache
Sprache deutsch
942 ## - Zusätzliche Felder (Koha)
Klassifikation oder Aufstellungssystematik Andere/Generische Klassifikation
Koha-Medientyp Zeitschriften
Exemplare
Ausgeschieden Verloren Klassifikation oder Aufstellungssystematik Beschädigt Nicht entleihbar Heimatbibliothek Aufenthaltsbibliothek Erwerbungsdatum Kodierter Standort-Qualifier Anzahl Ausleihen Signatur Letzte Aktivität Preis gültig von Koha-Medientyp
Ausgeschieden   Andere/Generische Klassifikation     Stadtarchiv Frankfurt (Oder) | Archivbibliothek Stadtarchiv Frankfurt (Oder) | Archivbibliothek 25/11/2020 M   II: 0725-0726 25/11/2020 25/11/2020 Zeitschriften